<?xml version="1.0" encoding="UTF-8"?>
<record
    xmlns:xsi="http://www.w3.org/2001/XMLSchema-instance"
    xsi:schemaLocation="http://www.loc.gov/MARC21/slim http://www.loc.gov/standards/marcxml/schema/MARC21slim.xsd"
    xmlns="http://www.loc.gov/MARC21/slim">

  <leader>00629nam a22002417a 4500</leader>
  <controlfield tag="003">UA-OsUOA</controlfield>
  <controlfield tag="001"> 50616 </controlfield>
  <controlfield tag="007">ta</controlfield>
  <controlfield tag="008">20071121b un ||||| |||| 00| 0 ukr d</controlfield>
  <datafield tag="100" ind1=" " ind2=" ">
    <subfield code="a">&#x411;&#x435;&#x445; &#x42E;. &#x412;.</subfield>
  </datafield>
  <datafield tag="090" ind1=" " ind2=" ">
    <subfield code="a">1(141.7)</subfield>
    <subfield code="b">&#x411;55</subfield>
  </datafield>
  <datafield tag="942" ind1=" " ind2=" ">
    <subfield code="c">BK</subfield>
  </datafield>
  <datafield tag="040" ind1=" " ind2=" ">
    <subfield code="a">UA-OsUOA</subfield>
    <subfield code="b">ukr</subfield>
    <subfield code="c">UA-OsUOA</subfield>
    <subfield code="d">UA-OsUOA</subfield>
  </datafield>
  <datafield tag="245" ind1=" " ind2=" ">
    <subfield code="a">&#x421;&#x430;&#x43C;&#x43E;&#x440;&#x43E;&#x437;&#x433;&#x43E;&#x440;&#x442;&#x430;&#x43D;&#x43D;&#x44F; &#x441;&#x43E;&#x446;&#x456;&#x430;&#x43B;&#x44C;&#x43D;&#x43E;&#x433;&#x43E; &#x441;&#x432;&#x456;&#x442;&#x443;</subfield>
    <subfield code="b">&#x41C;&#x43E;&#x43D;&#x43E;&#x433;&#x440;&#x430;&#x444;&#x456;&#x44F;</subfield>
  </datafield>
  <datafield tag="300" ind1=" " ind2=" ">
    <subfield code="a">248 &#x441;.</subfield>
  </datafield>
  <datafield tag="955" ind1=" " ind2=" ">
    <subfield code="a">1</subfield>
  </datafield>
  <datafield tag="041" ind1=" " ind2=" ">
    <subfield code="a">ukr</subfield>
  </datafield>
  <datafield tag="080" ind1=" " ind2=" ">
    <subfield code="a">1(141.7)</subfield>
  </datafield>
  <datafield tag="020" ind1=" " ind2=" ">
    <subfield code="a">966-660-309-8</subfield>
  </datafield>
  <datafield tag="260" ind1=" " ind2=" ">
    <subfield code="a">&#x41A;.</subfield>
    <subfield code="b">&#x41D;&#x41F;&#x423;</subfield>
    <subfield code="c">2007</subfield>
  </datafield>
  <datafield tag="650" ind1=" " ind2="7">
    <subfield code="a">1 &#x424;&#x456;&#x43B;&#x43E;&#x441;&#x43E;&#x444;&#x441;&#x44C;&#x43A;&#x456; &#x43D;&#x430;&#x443;&#x43A;&#x438;</subfield>
    <subfield code="2">UDC</subfield>
  </datafield>
  <datafield tag="999" ind1=" " ind2=" ">
    <subfield code="c">336718</subfield>
    <subfield code="d">336718</subfield>
  </datafield>
  <datafield tag="952" ind1=" " ind2=" ">
    <subfield code="0">0</subfield>
    <subfield code="1">0</subfield>
    <subfield code="2">udc</subfield>
    <subfield code="4">0</subfield>
    <subfield code="7">0</subfield>
    <subfield code="a">101</subfield>
    <subfield code="b">101</subfield>
    <subfield code="d">2007-11-21</subfield>
    <subfield code="e">198/2007</subfield>
    <subfield code="g">9.00</subfield>
    <subfield code="i">109447</subfield>
    <subfield code="l">0</subfield>
    <subfield code="o">1(141.7) &#x411;55</subfield>
    <subfield code="p">109447</subfield>
    <subfield code="r">2021-10-27 00:00:00</subfield>
    <subfield code="w">2007-11-21</subfield>
    <subfield code="y">BK</subfield>
  </datafield>
  <datafield tag="952" ind1=" " ind2=" ">
    <subfield code="0">0</subfield>
    <subfield code="1">0</subfield>
    <subfield code="2">udc</subfield>
    <subfield code="4">0</subfield>
    <subfield code="7">0</subfield>
    <subfield code="a">101</subfield>
    <subfield code="b">101</subfield>
    <subfield code="d">2007-11-21</subfield>
    <subfield code="e">198/2007</subfield>
    <subfield code="g">9.00</subfield>
    <subfield code="i">109448</subfield>
    <subfield code="l">0</subfield>
    <subfield code="o">1(141.7) &#x411;55</subfield>
    <subfield code="p">109448</subfield>
    <subfield code="r">2021-10-27 00:00:00</subfield>
    <subfield code="w">2007-11-21</subfield>
    <subfield code="y">BK</subfield>
  </datafield>
  <datafield tag="952" ind1=" " ind2=" ">
    <subfield code="0">0</subfield>
    <subfield code="1">0</subfield>
    <subfield code="2">udc</subfield>
    <subfield code="4">0</subfield>
    <subfield code="7">0</subfield>
    <subfield code="a">101</subfield>
    <subfield code="b">101</subfield>
    <subfield code="d">2007-11-21</subfield>
    <subfield code="e">198/2007</subfield>
    <subfield code="g">9.00</subfield>
    <subfield code="i">109449</subfield>
    <subfield code="l">0</subfield>
    <subfield code="o">1(141.7) &#x411;55</subfield>
    <subfield code="p">109449</subfield>
    <subfield code="r">2021-10-27 00:00:00</subfield>
    <subfield code="w">2007-11-21</subfield>
    <subfield code="y">BK</subfield>
  </datafield>
</record>
